000 00350 a2200133 4500
000 nam a22 7a 4500
100 _aChaturvedi, Ram Gopal
110 _aChaturvedi, Ram Gopal
245 _aYamahaṃ Bhārasantaptā
250 _aLatest edition
260 _bRaj Publishing House
_c2008
264 _bRaj Publishing House
_c2008
942 _cBK
999 _c394327
_d394327